000
00209 a2200097 4500
001
15724
100
_a
Rahman Attiqur
245
_a
Our Defence Cause
260
_a
_b
White Lion Pub.
_c
090
_c
12282
_d
12282
942
_a
NUST-CAE
_c
M
_c
2539
999
_c
250797
_d
250797